[Event "TUR-ch Youth U17 2019"]
[Site "Belek"]
[Date "2019.01.24"]
[Round "7"]
[White "Kargaci, Humeyra"]
[Black "Baspinar, Lara"]
[Result "1-0"]
[WhiteElo "1740"]
[BlackElo "1763"]
[Annotator "NA"]
[PlyCount "117"]
[EventDate "2019.01.20"]
[EventType "swiss"]
[EventCountry "TUR"]
[SourceTitle "playchess.com"]
[Source "ChessBase"]
[SourceQuality "1"]
[TimeControl "5400+30"]

1. c4 c6 2. Nf3 d5 3. Qc2 Nf6 4. g3 g6 5. d3 Bg7 6. Bg2 O-O 7. O-O Nbd7 8. e4 dxe4 9. dxe4 e5 10. b3 Re8 11. Bb2 Qc7 12. Nbd2 a5 13. a3 Bf8 14. Bc3 a4 15. b4 c5 {[%emt 0:46:30]} 16. b5 {[%emt 0:49:00]} Nb6 {[%emt 0:08:30]} 17. Ne1 {[%emt 0:04:30]} Be6 {[%emt 0:04:30]} 18. Bb2 {[%emt 0:00:30]} Rad8 {[%emt 0:08:30]} 19. Nef3 {[%emt 0:07:30]} Bc8 {[%emt 0:10:30]} 20. Rad1 {[%emt 0:02:30]} Bd6 {[%emt 0:04:02]} 21. Bc3 {[%emt 0:01:30]} Be6 {[%emt 0:03:27]} 22. Bb2 {[%emt 0:04:30]} h6 {[%emt 0:02:01]} 23. Rfe1 {[%emt 0:04:30]} Nfd7 {[%emt 0:04:04]} 24. Bf1 {[%emt 0:03:30]} Nf8 {[%emt 0:00:26]} 25. Qc3 {[%emt 0:02:30]} f6 {[%emt 0:01:44]} 26. h3 {[%emt 0:04:36]} Qf7 {[%emt 0:00:58]} 27. Rc1 {[%emt 0:02:11]} Nh7 {[%emt 0:00:41]} 28. Kh2 {[%emt 0:01:12]} Kg7 {[%emt 0:01:48]} 29. Qe3 {[%emt 0:01:02]} Ng5 {[%emt 0:02:01]} 30. h4 {[%emt 0:04:11]} Nxf3+ {[%emt 0:00:18]} 31. Qxf3 {[%emt 0:01:24]} Bc7 {[%emt 0:00:26]} 32. Bd3 {[%emt 0:02:27]} h5 {[%emt 0:00:59]} 33. Qe2 {[%emt 0:01:21]} Qd7 {[%emt 0:00:13]} 34. Rc3 {[%emt 0:00:14]} Nc8 {[%emt 0:00:10]} 35. Nf1 {[%emt 0:00:07]} Ba5 {[%emt 0:00:08]} 36. Bc2 {[%emt 0:00:59]} Bxc3 {[%emt 0:00:41]} 37. Bxc3 {[%emt 0:00:30]} Qf7 {[%emt 0:00:30]} 38. Ne3 {[%emt 0:00:30]} Nd6 {[%emt 0:00:30]} 39. Nd5 {[%emt 0:00:30]} Bxd5 {[%emt 0:01:01]} 40. cxd5 {[%emt 0:00:58]} b6 {[%emt 0:01:07]} 41. Bd3 {[%emt 0:01:31]} Rc8 {[%emt 0:00:12]} 42. Rb1 {[%emt 0:00:35]} Re7 {[%emt 0:01:17]} 43. Bc2 {[%emt 0:01:13]} Ra7 {[%emt 0:00:30]} 44. f4 {[%emt 0:00:30]} Re8 {[%emt 0:00:30]} 45. Rf1 {[%emt 0:00:30]} Qe7 {[%emt 0:00:41]} 46. g4 {[%emt 0:02:22]} hxg4 {[%emt 0:00:30]} 47. Qxg4 {[%emt 0:00:30]} Rg8 {[%emt 0:01:58]} 48. Qg3 {[%emt 0:00:46]} Ne8 {[%emt 0:00:42]} 49. fxe5 {[%emt 0:00:30]} fxe5 {[%emt 0:01:12]} 50. Bxe5+ {[%emt 0:01:00]} Kh7 {[%emt 0:00:30]} 51. Bc3 {[%emt 0:00:30]} Ng7 {[%emt 0:00:30]} 52. e5 {[%emt 0:00:30]} Nf5 {[%emt 0:00:00]} 53. Rxf5 {[%emt 0:00:57]} gxf5 {[%emt 0:00:11]} 54. Bxf5+ {[%emt 0:00:30]} Kh8 {[%emt 0:00:30]} 55. e6+ {[%emt 0:00:30]} Rg7 {[%emt 0:00:30]} 56. Qxg7+ {[%emt 0:00:30]} Qxg7 {[%emt 0:00:30]} 57. Bxg7+ {[%emt 0:00:30]} Kxg7 {[%emt 0:00:00]} 58. d6 {[%emt 0:00:00]} Kf6 {[%emt 0:00:00]} 59. e7 {[%emt 0:00:00]} 1-0

[Event "TUR-ch Youth U17 2019"]
[Site "Belek"]
[Date "2019.01.24"]
[Round "7"]
[White "Esti, Kubra Selenay"]
[Black "Sen, Irem"]
[Result "1/2-1/2"]
[WhiteElo "1662"]
[BlackElo "1765"]
[Annotator "NA"]
[PlyCount "105"]
[EventDate "2019.01.20"]
[EventType "swiss"]
[EventCountry "TUR"]
[SourceTitle "playchess.com"]
[Source "ChessBase"]
[SourceQuality "1"]
[TimeControl "5400+30"]

1. e4 g6 2. d4 Bg7 3. Nc3 c6 4. Be3 d5 5. Qd2 dxe4 6. Nxe4 Nd7 7. Ne2 Ngf6 8. N2c3 O-O 9. Be2 Nd5 10. Bh6 N7f6 {[%emt 0:43:00]} 11. O-O-O {[%emt 0:55:30]} Bf5 {[%emt 0:22:30]} 12. f3 {[%emt 0:11:30]} Qa5 {[%emt 0:12:29]} 13. Bxg7 {[%emt 0:15:08]} Kxg7 {[%emt 0:00:20]} 14. Kb1 {[%emt 0:04:33]} Bxe4 {[%emt 0:11:26]} 15. Nxe4 {[%emt 0:00:59]} Qxd2 {[%emt 0:00:10]} 16. Rxd2 {[%emt 0:00:47]} b5 {[%emt 0:01:47]} 17. Nc5 {[%emt 0:05:15]} Ne3 {[%emt 0:02:01]} 18. Bd3 {[%emt 0:02:03]} h5 {[%emt 0:01:19]} 19. Re1 {[%emt 0:01:21]} Ned5 {[%emt 0:01:19]} 20. Be4 {[%emt 0:01:06]} e6 {[%emt 0:01:45]} 21. Bxd5 {[%emt 0:00:50]} cxd5 {[%emt 0:00:10]} 22. Rde2 {[%emt 0:00:50]} Rfc8 {[%emt 0:00:33]} 23. Re3 {[%emt 0:00:37]} Ne8 {[%emt 0:00:41]} 24. a3 {[%emt 0:00:43]} Nd6 {[%emt 0:00:11]} 25. c3 {[%emt 0:00:38]} Nc4 {[%emt 0:00:23]} 26. R3e2 {[%emt 0:00:22]} a5 {[%emt 0:00:19]} 27. Nd3 {[%emt 0:00:33]} Ra7 {[%emt 0:01:06]} 28. Ka2 {[%emt 0:00:25]} Rb8 {[%emt 0:01:23]} 29. b3 {[%emt 0:00:30]} Nd6 {[%emt 0:00:00]} 30. Ne5 {[%emt 0:00:31]} Rc7 {[%emt 0:00:21]} 31. Kb2 {[%emt 0:00:31]} Rbc8 {[%emt 0:00:11]} 32. Rc1 {[%emt 0:00:40]} a4 {[%emt 0:00:36]} 33. b4 {[%emt 0:00:27]} h4 {[%emt 0:01:09]} 34. Nd3 {[%emt 0:00:37]} Nc4+ {[%emt 0:00:57]} 35. Ka2 {[%emt 0:00:43]} Nd6 {[%emt 0:00:30]} 36. Nc5 {[%emt 0:00:30]} Nf5 {[%emt 0:00:30]} 37. Rce1 {[%emt 0:00:30]} Rc6 {[%emt 0:00:30]} 38. Kb2 {[%emt 0:00:30]} Rh8 {[%emt 0:00:30]} 39. Rg1 {[%emt 0:00:30]} Rcc8 {[%emt 0:00:30]} 40. Kc2 {[%emt 0:00:08]} Rh5 {[%emt 0:00:26]} 41. Kb2 {[%emt 0:00:30]} Rch8 {[%emt 0:00:30]} 42. Na6 {[%emt 0:00:30]} Nd6 {[%emt 0:00:30]} 43. Nc5 {[%emt 0:00:30]} Rf5 {[%emt 0:00:19]} 44. Rf1 {[%emt 0:00:17]} Nc4+ {[%emt 0:00:32]} 45. Ka2 {[%emt 0:00:47]} g5 {[%emt 0:00:30]} 46. Nd3 {[%emt 0:00:30]} Nb6 {[%emt 0:00:30]} 47. Kb2 {[%emt 0:00:33]} Nc8 {[%emt 0:00:40]} 48. Ka2 {[%emt 0:00:30]} Ne7 {[%emt 0:00:30]} 49. Ref2 {[%emt 0:00:30]} Ng6 {[%emt 0:00:30]} 50. Re1 {[%emt 0:00:24]} Rf6 {[%emt 0:00:13]} 51. Kb2 {[%emt 0:00:30]} Rc8 {[%emt 0:00:30]} 52. Ree2 {[%emt 0:00:30]} Kh6 {[%emt 0:00:48]} 53. Re1 {[%emt 0:00:13]} 1/2-1/2

[Event "TUR-ch Youth U17 2019"]
[Site "Belek"]
[Date "2019.01.25"]
[Round "9"]
[White "Acar, Utku Cengiz"]
[Black "Kirilmaz, Emre"]
[Result "0-1"]
[WhiteElo "2078"]
[BlackElo "2035"]
[Annotator "NA"]
[PlyCount "168"]
[EventDate "2019.01.20"]
[EventType "swiss"]
[EventCountry "TUR"]
[SourceTitle "playchess.com"]
[Source "ChessBase"]
[SourceQuality "1"]
[TimeControl "5400+30"]

{[%evp 14,168,25,32767,32767,32767,14,11,8,21,32767,32767,32767,32767,32767,32767,47,13,3,8,0,2,32767,14,0,12,18,-14,58,0,22,32767,52,20,25,17,77,-65,-30,-50,115,196,178,160,185,32767,245,181,239,32767,32767,32767,32767,0,32767,168,160,-31,32767,32767,-31,-58,32767,32767,32767,32767,-4,-10,-6,-52,-24,-29,32767,32767,-25,-122,-131,-125,-222,-224,32767,32767,-210,-170,-225,-184,-239,-203,-183,-260,-438,-316,-262,-419,-383,-311,-462,-381,-523,-486,-225,-306,-358,-341,-423,-529,-39,-319,-6,-71,-39,-18,0,-18,-4,-8,-33,-8,-4,-6,0,-8,-4,-352,-483,-339,-568,-424,-447,-700,32767,32767,32767,32767,32767,32767,-1047,32767,32767,32767,32767,-4618,-4332,-4627,-29948,-29965,-29970,-5548,-29971,-29971,-29973,-5575,-29974,-29963,-29975,-29973,-29977]} 1. e4 {[%emt 0:00:30]} Nf6 {[%emt 0:00:30]} 2. e5 {[%emt 0:02:30]} Nd5 {[%emt 0:00:30]} 3. c4 {[%emt 0:00:30]} Nb6 {[%emt 0:00:30]} 4. d4 {[%emt 0:00:30]} d6 {[%emt 0:00:30]} 5. exd6 {[%emt 0:00:00]} cxd6 {[%emt 0:00:00]} 6. Nc3 {[%emt 0:00:00]} g6 {[%emt 0:00:00]} 7. a4 {[%emt 0:01:30]} Bg7 {[%emt 0:00:30]} 8. a5 {[%emt 0:00:30]} N6d7 {[%emt 0:00:00]} 9. Ra3 {[%emt 0:01:30] B03: Alekhine's Defence: Four Pawns Attack} O-O {[%emt 0:02:00]} 10. Nf3 {[%emt 0:01:30] LiveBook: 14 Games} Nf6 {[%emt 0:12:30]} 11. d5 {[%emt 0:03:30]} e6 {[%emt 0:00:30]} 12. Be2 {[%emt 0:02:30]} exd5 {[%emt 0:03:30]} 13. cxd5 {[%emt 0:00:30]} Re8 $146 {[%emt 0:07:30]} ({Predecessor:} 13... Na6 14. O-O Bg4 15. Be3 Nc5 16. h3 Bxf3 17. Bxf3 {1-0 (60) Dranov,A (2340)-Velicka,P (2420) Ceske Budejovice 1993}) 14. O-O {[%emt 0:07:30]} Nbd7 {[%emt 0:04:30]} 15. h3 {[%emt 0:08:30]} Nc5 {[%emt 0:12:30]} 16. Be3 {[%emt 0:05:30]} Nfe4 {[%emt 0:12:30]} 17. Nxe4 {[%emt 0:10:30]} Nxe4 {[%emt 0:00:00]} 18. Nd4 {[%emt 0:00:30]} Bd7 {[%emt 0:08:00]} 19. a6 {[%emt 0:11:30]} b6 {[%emt 0:01:30]} 20. Re1 {[%emt 0:12:30]} f5 {[%emt 0:04:30]} (20... Qf6 $11) 21. Bc4 {[%emt 0:15:56]} Qf6 {[%emt 0:07:30]} 22. Ne6 {[%emt 0:05:21]} Bxe6 {[%emt 0:02:53]} 23. dxe6 {[%emt 0:01:42]} Qxb2 {[%emt 0:00:19]} 24. Rb3 {[%emt 0:01:52]} Qe5 {[%emt 0:03:05]} (24... Qf6 $1 $11 {remains equal.}) 25. f4 {[%emt 0:00:34]} ({White should play} 25. Bd5 $16 Rac8 26. e7+ Kh8 27. Bg5) 25... Qf6 {[%emt 0:00:51]} 26. Rd3 {[%emt 0:00:19]} Qh4 $2 {[%emt 0:02:04]} (26... Rac8 $15 {stays ahead.} 27. Bd5 Nc3) 27. Bd5 {[%emt 0:03:50]} Rac8 {[%emt 0:01:55]} (27... Nc3 $16 28. Bf2 Qe7) 28. Bxe4 $1 {[%emt 0:01:17]} fxe4 {[%emt 0:00:30]} 29. Rxd6 {[%emt 0:00:00]} Bf8 {[%emt 0:05:09]} 30. Rd7 {[%emt 0:01:05]} Re7 {[%emt 0:03:19]} 31. Rxe7 {[%emt 0:01:17]} Bxe7 {[%emt 0:00:09]} 32. Bf2 {[%emt 0:00:27]} Qxf4 {[%emt 0:00:02]} 33. Qd7 {[%emt 0:00:36]} Qc7 {[%emt 0:00:01]} 34. Rxe4 {[%emt 0:00:00]} Bd6 {[%emt 0:03:51] [#]} 35. Qxc7 $2 {[%emt 0:00:37]} (35. Bh4 $1 $18 h6 36. Re1) 35... Rxc7 {[%emt 0:01:26]} 36. Bh4 {[%emt 0:00:06]} Kf8 {[%emt 0:00:10]} 37. Kf2 {[%emt 0:00:46]} b5 {[%emt 0:00:49]} 38. Kf3 {[%emt 0:00:30]} Ke8 {[%emt 0:00:30]} 39. Rd4 {[%emt 0:00:36]} Be7 {[%emt 0:00:35]} 40. Bf2 {[%emt 0:00:43]} Rc6 {[%emt 0:00:01]} 41. Rd7 {[%emt 0:00:14]} (41. Rd5 $5 {[%cal Rd5b5]}) 41... Rxa6 {[%emt 0:00:44]} 42. Bxa7 {[%emt 0:00:54]} Rxe6 {[%emt 0:00:03]} 43. Rb7 {[%emt 0:00:00]} b4 {[%emt 0:00:10]} 44. Bd4 {[%emt 0:00:00] [#]} (44. Be3 $11) 44... Kd8 $1 {[%emt 0:00:33]} 45. g4 {[%emt 0:01:13]} Kc8 {[%emt 0:00:09]} 46. Ra7 {[%emt 0:00:24]} Kb8 {[%emt 0:01:51]} 47. Rd7 {[%emt 0:00:34]} Bf6 {[%emt 0:00:32]} 48. Bxf6 {[%emt 0:00:55]} Rxf6+ {[%emt 0:00:30]} 49. Ke4 {[%emt 0:00:00]} b3 {[%emt 0:00:00]} 50. Rd2 {[%emt 0:00:38]} Rb6 {[%emt 0:00:23]} 51. Rb2 {[%emt 0:00:00]} Kc7 {[%emt 0:00:07]} 52. Kd5 {[%emt 0:00:04]} Kd7 {[%emt 0:00:34]} 53. h4 {[%emt 0:00:05]} Ke7 {[%emt 0:00:25]} 54. Re2+ {[%emt 0:00:25]} Kf6 {[%emt 0:00:38]} 55. Rf2+ {[%emt 0:00:30]} Kg7 {[%emt 0:00:30]} 56. Rb2 {[%emt 0:00:00] [#]} h6 {[%emt 0:00:22]} (56... g5 $142 $1 {[%mdl 512]} 57. Kc5 (57. hxg5 Kg6) 57... Rb8) 57. Kc5 {[%emt 0:00:24]} Rb8 {[%emt 0:00:11]} 58. Kd6 {[%emt 0:00:00]} Rb4 {[%emt 0:00:38]} 59. g5 {[%emt 0:00:03]} h5 $2 {[%emt 0:00:00]} (59... Kh7 $19 60. Ke5 Rxh4 61. Rxb3 hxg5) 60. Ke6 $2 {[%emt 0:00:47] [#]} (60. Kd7 $1 $11 {and White stays safe.}) 60... Re4+ $2 {[%emt 0:00:26]} ({Less strong is} 60... Rxh4 61. Rxb3 Re4+ 62. Kd6 $17) (60... Rb5 $1 $19 61. Ke7 Rb7+ 62. Kd6 Kf7) 61. Kd6 {[%emt 0:00:22]} (61. Kd5 $11 {remains equal.} Rb4 62. Kd6) 61... Re3 {[%emt 0:01:00]} 62. Rf2 {[%emt 0:00:27]} Re4 {[%emt 0:00:59]} 63. Rb2 {[%emt 0:01:03]} Rxh4 {[%emt 0:00:36]} 64. Rxb3 {[%emt 0:00:05]} Rf4 {[%emt 0:00:00]} 65. Rb7+ {[%emt 0:00:54]} Rf7 {[%emt 0:00:16]} 66. Rb8 {[%emt 0:00:00]} h4 {[%emt 0:00:00]} 67. Rb4 {[%emt 0:01:43]} h3 {[%emt 0:00:00]} 68. Rh4 $2 {[%emt 0:00:17]} (68. Rb2 $11) 68... Rf5 {[%emt 0:00:05]} 69. Rxh3 {[%emt 0:01:01]} Rxg5 {[%emt 0:00:12]} 70. Ke6 {[%emt 0:00:07]} Ra5 {[%emt 0:00:13]} 71. Rf3 {[%emt 0:01:32]} g5 {[%emt 0:03:03]} 72. Rf5 {[%emt 0:00:43]} Ra6+ {[%emt 0:00:30]} 73. Ke5 {[%emt 0:00:30]} Kg6 {[%emt 0:00:30]} 74. Rf8 {[%emt 0:00:00]} Ra1 {[%emt 0:00:00]} 75. Rg8+ {[%emt 0:01:00]} Kh5 {[%emt 0:00:25]} 76. Ke4 {[%emt 0:00:00]} Rf1 {[%emt 0:00:00]} 77. Ke3 {[%emt 0:00:29]} Kh4 {[%emt 0:00:15]} 78. Ke2 {[%emt 0:00:38]} Rf7 {[%emt 0:00:08]} 79. Rh8+ {[%emt 0:00:30]} Kg3 {[%emt 0:00:36]} 80. Rg8 {[%emt 0:00:30]} g4 {[%emt 0:00:00]} 81. Rg6 {[%emt 0:00:41]} Kh3 {[%emt 0:00:15]} 82. Rh6+ {[%emt 0:00:00]} Kg2 {[%emt 0:00:08]} 83. Rg6 {[%emt 0:00:11]} Re7+ {[%emt 0:00:00]} 84. Kd2 {[%emt 0:00:06]} g3 {[%emt 0:00:00]} 0-1

[Event "TUR-ch Youth U17 2019"]
[Site "Belek"]
[Date "2019.01.25"]
[Round "9"]
[White "Yungucu, Arda"]
[Black "Cansun, Can Alp"]
[Result "0-1"]
[WhiteElo "1943"]
[BlackElo "2174"]
[Annotator "TA"]
[PlyCount "86"]
[EventDate "2019.01.20"]
[EventType "swiss"]
[EventCountry "TUR"]
[SourceTitle "playchess.com"]
[Source "ChessBase"]
[SourceQuality "1"]

{[%evp 13,86,-7,1,-3,7,8,15,10,14,0,0,0,-10,-24,2,-5,-7,-23,-28,-18,0,-2,27,0,7,-19,0,-7,0,-39,-49,-50,-42,-86,-21,-36,-34,-44,0,-418,-381,-377,-371,-1318,-1297,-1242,-1269,-1207,-1150,-1895,-1850,-29983,-29985,-29981,-1300,-1214,-1143,-1091,-651,-1388,-1541,-1489,-1098,-1098,-1086,-1095,-735,-29977,-29976,-5112,-11667,-29980,-29981,-29981,-29982]} 1. Nf3 g6 2. g3 Bg7 3. Bg2 e5 4. O-O Ne7 5. d3 Nbc6 6. c4 d6 7. Nc3 h6 {LiveBook: 21 Games} 8. Ne1 {A26: English Opening vs King's Indian with ...Nc6 and d3} (8. Rb1 a5 9. a3 O-O 10. b4 axb4 11. axb4 Be6 12. b5 Nd4 13. Nxd4 exd4 14. Nd5 Nxd5 15. cxd5 Bd7 16. Rb4 b6 17. Bb2 Ra5 18. Bxd4 Bxd4 19. Rxd4 Bxb5 {½-½ (34) Bacrot,E (2718)-Fontaine,R (2563) chess.com INT 2018}) 8... Be6 $146 ({Predecessor:} 8... O-O 9. Rb1 Be6 10. Nd5 Rb8 11. Bd2 Kh7 12. Nc2 Nf5 13. e3 Qd7 14. Bc3 Nd8 15. f4 c6 {1-0 (36) Petran,P (2405)-Werner,D (2334) Budapest 2005}) 9. Nc2 Qd7 10. Nd5 {The position is equal.} Nd8 11. Bd2 c6 12. Nxe7 Qxe7 13. b4 O-O 14. Rb1 Qd7 15. Qc1 Kh7 16. b5 f5 17. bxc6 bxc6 18. Nb4 g5 19. e3 a5 20. Nc2 d5 21. Rd1 f4 22. exf4 exf4 23. Qa3 Bh3 ({Much worse is} 23... dxc4 $6 24. Bc3 $11) (23... fxg3 $6 24. hxg3 Bg4 25. Re1 $11) (23... Rf7 $17) 24. Bc3 $11 Bxg2 25. Kxg2 f3+ 26. Kg1 $2 {[%mdl 8192]} (26. Kh1 $11 {and White stays safe.}) 26... Qh3 {[%csl Gf3][%cal Rh3g2]} 27. Ne1 {next Bxg7 is good for White.} g4 28. Rb7 $2 (28. Bxg7 {leads to mate.} Re8 29. Be5 Rxe5 30. Rb7+ Nxb7 31. Qe7+ Rxe7 32. cxd5 Rxe1+ $1 {[%mdl 512]} 33. Rxe1 Qg2#) (28. Be5 Rf5 29. d4 (29. Bxg7 $2 {gets mated.} Rh5 30. cxd5 Qxh2+ 31. Kf1 Qh1#) 29... dxc4 30. Qe7) 28... Nxb7 $19 29. Qe7 Rg8 {( -> ...Rae8)} 30. Qd7 Raf8 {And now ...Nc5 would win.} 31. Nxf3 Nc5 32. Ng5+ hxg5 33. Qe7 {[#]} Re8 (33... Rxf2 $142 $1 34. Kxf2 Qxh2+ 35. Kf1 Qh1+ 36. Kf2 Qxd1 37. Bf6 Nxd3+ 38. Ke3 Kg6 39. Bxg7 Qe1+ 40. Kxd3 Qxe7 41. cxd5 Rxg7 42. dxc6 Qd6+ 43. Kc3 Qxc6+ 44. Kd3 Rd7+ 45. Ke2 Qf3+ 46. Ke1 Rd1#) 34. Qf7 Qh6 35. Bxg7 Qg6 36. Qa7 Rxg7 37. Qxc5 Rf7 38. cxd5 cxd5 39. Qxd5 Qf5 40. Qd4 Re2 41. Rf1 Rxa2 42. Qe3 a4 {[%cal Ba5a4,Ba4a3][%mdl 32]} 43. d4 a3 {Precision: White = 39%, Black = 46%.} 0-1

[Event "TUR-ch Youth U17 2019"]
[Site "Belek"]
[Date "2019.01.25"]
[Round "9"]
[White "Catal, Uktenur"]
[Black "Sen, Irem"]
[Result "0-1"]
[WhiteElo "1854"]
[BlackElo "1765"]
[Annotator "NA RC"]
[PlyCount "118"]
[EventDate "2019.01.20"]
[EventType "swiss"]
[EventCountry "TUR"]
[SourceTitle "playchess.com"]
[Source "ChessBase"]
[SourceQuality "1"]
[TimeControl "5400+30"]

{[%evp 8,118,6,-1,4,-47,0,-8,0,-7,32767,32767,32767,32767,32767,32767,32767,0,0,27,32767,32767,32767,35,51,49,37,32767,51,33,37,0,78,54,109,108,178,150,157,160,32767,32767,119,44,145,32767,32767,32767,40,39,34,27,32,41,99,88,102,74,84,96,102,104,95,90,185,201,216,202,218,108,300,204,261,292,356,96,64,32767,0,32767,32767,0,0,0,0,0,8,0,0,0,0,0,0,0,0,0,0,-70,32767,-16,-8,-23,0,0,0,0,-8,32767,-1868,32767,32767,32767,-29970]} 1. d4 {[%emt 0:00:30]} d5 {[%emt 0:00:30]} 2. Nc3 {[%emt 0:00:00]} Nf6 {[%emt 0:03:30]} 3. Bg5 {[%emt 0:00:00]} Nbd7 {[%emt 0:08:30]} 4. Nf3 {[%emt 0:00:30]} c6 {[%emt 0:01:30]} 5. Qd3 {[%emt 0:00:30]} g6 {[%emt 0:03:30]} 6. O-O-O {[%emt 0:00:00] D01: Veresov Opening} Bg7 {[%emt 0:00:30]} 7. e4 {[%emt 0:00:00]} dxe4 {[%emt 0:03:30]} 8. Nxe4 {[%emt 0:00:00] LiveBook: 13 Games} Nxe4 {[%emt 0:11:30]} 9. Qxe4 {[%emt 0:00:00]} Bf6 $146 {[%emt 0:01:30]} ({You set blue moves yourself with the critical opening position annotation.:} 9... Nf6 10. Qe1 Bg4 11. Bc4 Bxf3 12. gxf3 O-O 13. h4 Qd7 {½-½ (31) Mihok,O (2507)-Cigan,S (2357) Austria 2016}) 10. Bh6 {[%emt 0:03:30]} Nb6 {[%emt 0:06:30]} 11. g4 {[%emt 0:04:30]} Rg8 {[%emt 0:08:30]} 12. c4 {[%emt 0:05:30]} Be6 {[%emt 0:18:30]} 13. Ne5 {[%emt 0:13:30]} Bg7 {[%emt 0:08:30]} 14. Bxg7 {[%emt 0:05:30]} Rxg7 {[%emt 0:00:30]} 15. Bd3 {[%emt 0:01:30]} Qc7 {[%emt 0:00:30]} 16. Kb1 {[%emt 0:05:30]} O-O-O {[%emt 0:00:00]} 17. b3 {[%emt 0:05:30]} h5 {[%emt 0:01:00]} 18. gxh5 {[%emt 0:06:30]} gxh5 {[%emt 0:00:30]} 19. Rhg1 {[%emt 0:02:30]} Rdg8 {[%emt 0:00:37]} (19... Rxg1 $11 {remains equal.} 20. Rxg1 Nd7) 20. Rg3 {[%emt 0:01:30]} Qd8 {[%emt 0:06:23]} (20... Rxg3 $14 21. hxg3 (21. fxg3 Nd7 $14) 21... Nd7) 21. Bc2 {[%emt 0:02:30]} Rg5 {[%emt 0:01:32]} (21... Qc7 $16 {was worth a try.}) 22. Qe3 {[%emt 0:03:30]} Rxg3 {[%emt 0:00:50]} 23. fxg3 {[%emt 0:01:30]} Rg7 {[%emt 0:01:50]} 24. d5 {[%emt 0:05:30]} cxd5 {[%emt 0:03:44]} 25. Qc3 {[%emt 0:00:30]} ({And not} 25. cxd5 Nxd5 26. Qe1 Qd6 $15) (25. Nxf7 $16 Bxf7 26. Qe5) 25... d4 {[%emt 0:05:10]} ({Better is} 25... Qc7 $14) 26. Qxd4 {[%emt 0:00:30]} Qxd4 {[%emt 0:00:04]} 27. Rxd4 {[%emt 0:00:30]} Rg5 {[%emt 0:00:21]} 28. Nf3 {[%emt 0:00:30]} Rc5 {[%emt 0:00:15]} 29. Rf4 {[%emt 0:07:30]} f6 {[%emt 0:02:11]} 30. Nd4 {[%emt 0:01:30]} Bg4 {[%emt 0:00:31]} (30... Bf7 $11) 31. Bf5+ {[%emt 0:00:30]} Bxf5+ {[%emt 0:00:17]} 32. Rxf5 {[%emt 0:00:30]} Nd7 {[%emt 0:00:43]} 33. Rxc5+ {[%emt 0:00:00]} Nxc5 {[%emt 0:00:02] [#]} 34. Nf5 $1 {[%emt 0:00:00]} Kd7 {[%emt 0:00:09]} 35. Ng7 {[%emt 0:03:30]} h4 {[%emt 0:00:10]} (35... Nd3 $16) 36. gxh4 {[%emt 0:00:00]} e5 {[%emt 0:00:06]} 37. Kc2 {[%emt 0:01:00]} Ke7 {[%emt 0:00:58]} 38. Nf5+ {[%emt 0:00:00]} (38. h5 $18 {is more deadly.}) 38... Kf7 $2 {[%emt 0:00:00]} (38... Ke6 $16 39. Ne3 f5) 39. b4 {[%emt 0:00:00]} Na6 {[%emt 0:00:17]} 40. Nd6+ {[%emt 0:00:30]} Kg6 {[%emt 0:00:06]} 41. Nxb7 $2 {[%emt 0:00:30]} (41. a3 $18 {is more deadly.}) 41... Nxb4+ {[%emt 0:00:03] NOTEXT-4834} 42. Kc3 {[%emt 0:00:30]} Nxa2+ {[%emt 0:00:35]} 43. Kb3 {[%emt 0:00:30]} Nc1+ {[%emt 0:00:06]} 44. Kc2 {[%emt 0:00:30]} Ne2 {[%emt 0:00:05]} 45. Kd3 {[%emt 0:00:30]} Nd4 {[%emt 0:00:43]} 46. Ke4 {[%emt 0:01:30]} Kh5 {[%emt 0:00:51]} 47. Na5 {[%emt 0:00:30]} Kxh4 {[%emt 0:00:42]} 48. c5 {[%emt 0:00:00]} Kg4 {[%emt 0:00:25]} 49. c6 {[%emt 0:00:00]} Nb5 {[%emt 0:00:32]} 50. Kd5 {[%emt 0:00:30]} Kf4 {[%emt 0:00:24]} 51. Kc5 {[%emt 0:00:30]} a6 {[%emt 0:02:36]} 52. Kb6 {[%emt 0:00:30]} ({Better is} 52. Nc4 $11) 52... e4 {[%emt 0:00:00]} 53. Kxa6 {[%emt 0:00:00]} Nc7+ {[%emt 0:00:07]} 54. Kb6 {[%emt 0:02:00]} Nd5+ {[%emt 0:00:08]} 55. Kc5 {[%emt 0:00:00]} Nc7 {[%emt 0:01:13]} 56. Kb6 {[%emt 0:00:00]} e3 {[%emt 0:00:02]} 57. Nb7 {[%emt 0:00:30]} Nd5+ {[%emt 0:01:25]} 58. Kb5 {[%emt 0:01:30]} e2 {[%emt 0:00:39]} 59. Nc5 {[%emt 0:00:30]} Ke3 {[%emt 0:00:27]} 0-1